The hobbit : an unexpected journey. Chronicles II, Creatures & characters /

Profiles the characters and creatures, detailing how each were realized for the film.

Bibliographic Details
Main Author: Falconer, Daniel
Other Authors: Tolkien, J. R. R. (John Ronald Reuel), 1892-1973, Serkis, Andy, Letteri, Joe, Taylor, Richard
Format: Book
Language:English
Published: New York, NY : Harper Design, 2013.
Subjects:

MARC

Tag First Indicator Second Indicator Subfields
LEADER 00000cam a2200000Ia 4500
001 in00003153321
005 20191014135747.0
008 130404s2013 nyuab 000 0 eng d
010 |a  2012955428 
020 |a 9780062265685 
020 |a 0062265687 
035 |a (OCoLC)ocn835732480 
035 |a (OCoLC)835732480 
040 |a JRG  |c JRG  |d ZQP  |d VHP  |d TXA  |d UtOrBLW 
049 |a TXAM 
050 1 4 |a PN1997.2.H62  |b F35 2012 
092 |a 791.43  |b Falconer 
100 1 |a Falconer, Daniel. 
245 1 4 |a The hobbit :  |b an unexpected journey.  |n Chronicles II,  |p Creatures & characters /  |c foreword by Andy Serkis ; introduction by Joe Letteri ; written by Daniel Falconer. 
246 3 |a Creatures & characters 
264 1 |a New York, NY :  |b Harper Design,  |c 2013. 
300 |a 215 pages :  |b illustrations (chiefly color), map ;  |c 25 x 32 cm. 
336 |a text  |b txt  |2 rdacontent 
337 |a unmediated  |b n  |2 rdamedia 
338 |a volume  |b nc  |2 rdacarrier 
500 |a Includes fold-out comparative size chart. 
520 |a Profiles the characters and creatures, detailing how each were realized for the film. 
600 1 0 |a Tolkien, J. R. R.  |q (John Ronald Reuel),  |d 1892-1973.  |t Hobbit  |x Characters. 
630 0 0 |a Hobbit, an unexpected journey (Motion picture) 
600 1 0 |a Baggins, Bilbo. 
650 0 |a Middle Earth (Imaginary place) 
650 0 |a Hobbits (Fictitious characters) 
700 1 |a Tolkien, J. R. R.  |q (John Ronald Reuel),  |d 1892-1973.  |t Hobbit. 
700 1 |a Serkis, Andy. 
700 1 |a Letteri, Joe. 
700 1 |a Taylor, Richard. 
730 0 |a Hobbit, an unexpected journey (Motion picture) 
948 |a cataloged  |b h  |c 2013/4/19  |d c  |e jolivare  |f 3:56:47 pm 
994 |a C0  |b TXA 
999 |a MARS 
999 f f |s b4d931a7-47f3-34d0-b102-324405d7413a  |i ea27e849-e401-366c-ad18-2041f5fbd2bc  |t 0 
952 f f |p normal  |a Texas A&M University  |b College Station  |c Sterling C. Evans Library  |d Evans: Library Stacks  |t 0  |e PN1997.2.H62 F35 2012  |h Library of Congress classification  |i unmediated -- volume  |m A14841521305 
998 f f |a PN1997.2.H62 F35 2012  |t 0  |l Evans: Library Stacks